00559cam a2200181 4500001001100000008004100011035001500052050002100067100003000088245012200118260002800240300001000268500001200278504002500290505000900315650002400324700002900348BFIL002599 1994 spa  aBFIL002599 4aD16b.8 M34 19941 aMalishev, Krasnova Mijail 0aMito y utopia en la filosofia de la historia de Nicolai Berdiaev /cMijail Malishev Krasnova, Manuel Velazquez Mejia. aMéxico :bUAEM,c1994 a87 p. a3 ejem. aIncluye bibliografia aBFIL 4aHistoriaxFilosofia1 aVelazquez Mejia, Manuel,